| 000 | 00762cab a2200217 4500 | ||
|---|---|---|---|
| 001 | ABS38522 | ||
| 008 | 090401t1987 xxu||||| |||| 00| 0 eng d | ||
| 035 | _a(Sirsi) u11084 | ||
| 041 | _aeng | ||
| 100 | _aLambert, P. | ||
| 245 | _aBuilding for information technology | ||
| 260 | _c1987 | ||
| 350 | _a0 | ||
| 490 |
_aEstates Gazette _v284(6362) 28 November 1987, 1152(1) |
||
| 520 | _aIt has been calculated that the amount of information available within the world is set to increase 5 fold in the 1990s. This article looks at how buildings must develop to meet the needs of the information technology . | ||
| 650 | _aDESIGN | ||
| 650 | _aINTELLIGENT BUILDINGS | ||
| 690 | _aBUILT ENVIRONMENT-CONSTRUCTION DESIGN | ||
| 942 | _n0 | ||
| 948 | _c04/03/1997 | ||
| 999 |
_c7065 _d7065 |
||